UFC 324 Full Card - Statistics

General Stats
  • This quiz has been taken 4 times
  • The average score is 9 of 22
Answer Stats
Spot M/W Nationality Answer % Correct
Main Card M USA Derrick Lewis
100%
Main Event M USA Justin Gaethje
100%
Main Event M England Paddy Pimblett
100%
Main Card M USA Sean O'Malley
100%
Main Card M China Song Yadong
100%
Main Card M Dominican Republic Waldo Cortes-Acosta
100%
Main Card M England Arnold Allen
50%
Main Card M Brazil Jean Silva
50%
Main Card W Brazil Natália Silva
50%
Main Card W USA Rose Namajunas
50%
Prelim M Russia Umar Nurmagomedov
50%
Early Prelim M USA Adam Fugitt
0%
Prelim M USA Alex Perez
0%
Prelim M Russia Andrey Pulyaev
0%
Prelim M Cameroon Ateba Gautier
0%
Prelim M USA Charles Johnson
0%
Prelim M Brazil Deiveson Figueiredo
0%
Early Prelim M USA Denzel Freeman
0%
Early Prelim M USA Josh Hokit
0%
Prelim M Lithuania Modestas Bukauskas
0%
Prelim M Russia Nikita Krylov
0%
Early Prelim M USA Ty Miller
0%
No matching quizzes found
Score Distribution
Percent of People with Each Score
Percentile by Number Answered
Your Score History
You have not taken this quiz